| 000 | 00499nam a2200169 4500 | ||
|---|---|---|---|
| 001 | 110245 | ||
| 003 | ES-MaACL | ||
| 005 | 20230906185017.0 | ||
| 007 | t| | ||
| 008 | 061121s1971 sp r ||||1| spa d | ||
| 110 | 2 |
_aEspaƱa. _tLeyes, etc. _9184149 |
|
| 245 | 1 | 0 | _aOrdenanza general de Seguridad e higiene en el Trabajo. |
| 260 |
_aMadrid : _bMinisterio de Trabajo, Mutualidades Laborales, _c1971. |
||
| 300 |
_a104 p. ; _c30 cm. |
||
| 852 |
_aES-MaACL _jC-41987 _bR.79714 |
||
| 999 |
_c110245 _d110245 |
||